000 00328nam a22001457a 4500
003 SGT
020 _a97815-43346-20-6
082 _a612.015
_bGIR
100 _aGIRI, AMOL J.
245 _aCOCIES COURS IN BIOCHEMISTRY
260 _aINDIA
_bPEE VEE PUB.
_c2020
300 _a182
650 _aBIOCHEMISTRY
942 _2ddc
_cBK
999 _c32445
_d32445